000 00401pab a2200157 454500
008 180718b2011 xxu||||| |||| 00| 0 eng d
100 _aDixon, Gene
245 _aService learning and integrated, collaborative project management
260 _c2011
300 _ap.42-57.
362 _aFeb
650 _aProject management
773 _aProject Management Journal
908 _aN
909 _a92358
999 _c92358
_d92358